000 00620nam a22002297a 4500
005 20170124110115.0
010 _aB-081487
020 _c00.00
_a8121403472
035 _aB-081487
037 _bCen Lib/Ret
040 _aDPL
_bEN
082 _aN
_bVAI
100 _aVaid, Krishna Balder
_929844
245 _aBimal in bog /
_cby Krishna Balder Vaid
260 _bNational publishing house
_aNew Delhi
_c2002
270 _bNew Delhi
_a2/35 Ansari road Daryaganj
_e110002
300 _a313p.
_c21cm(Hb)
650 _aLiterature
_96262
650 _aFiction
_98901
700 _929816
942 _2ddc
_cEN
_hN
_mVAI
999 _c130686
_d130686